El Brull : un terme entre la Plana de Vic i el Montseny / Antoni Pladevall i Font un terme entre la Plana de Vic i el Montseny / Antoni Pladevall i Font
Descripción Física:
310 p. : il. ; 23 cm
Colección:
Història local ; 4
Materias:
Brull -- Història
MARC
| LEADER | 00000nam a2200000Ia 4500 | ||
|---|---|---|---|
| 001 | 12078 | ||
| 008 | 160829s1998 xx 000 0 cat d | ||
| 080 | |a H-1-110 | ||
| 100 | 1 | |a Pladevall i Font, Antoni, |d 1934- |9 52806 | |
| 245 | |a El Brull : |b un terme entre la Plana de Vic i el Montseny / Antoni Pladevall i Font | ||
| 260 | |a Barcelona : |b Diputació de Barcelona, |c 1998 | ||
| 300 | |a 310 p. : |b il. ; |c 23 cm | ||
| 490 | |a Història local ; 4 | ||
| 650 | |a Brull |x Història |9 24532 | ||
| 710 | 1 | |a Barcelona (Catalunya : Província). |b Diputació |9 52408 | |
| 901 | |a Arxiu | ||
| 942 | |n 1 | ||
| 952 | |0 0 |1 0 |4 0 |6 H1110 |7 1 |9 43196 |a Arxiu |b Arxiu |d 2016-12-01 |l 0 |o H-1-110 |p 12078 |r 2016-12-01 00:00:00 |w 2016-12-01 |y ARXIU | ||
| 999 | |c 45740 |d 45740 | ||